000 00261 a2200097 4500
001 31623
100 _aBranover, Herman
245 _aProgress in Fluid Flow Research: Turbulence and applied MHD v 42
260 _aVirginia
_bAIAA
_c1998
090 _c21447
_d21447
942 _aNUST-CAE
_cM
_c12722
999 _c266696
_d266696